00479 2200181 4500001002100000005001700021006001900038008004100057020002200098035002500120041000700145082001000152090001600162100001700178245004500195260004200240650001500282INLIS00000000000411220140317120409.0a ||| | 180719| ||| | id  a978-979-22-3521-0 a0010-031300000004112 aid0 a641.5 a641.5 HID t0 akoko hidayat00aTaiwan Honey Cake : cake madu ala taiwan aJakartabGramedia pustaka utamac2008 0ahoney cake